MARC details
| 000 -LEADER |
| fixed length control field |
00291nam a22000977a 4500 |
| 005 - DATE AND TIME OF LATEST TRANSACTION |
| control field |
20250901165412.0 |
| 008 - FIXED-LENGTH DATA ELEMENTS--GENERAL INFORMATION |
| fixed length control field |
210323b ||||| |||| 00| 0 eng d |
| 050 ## - LIBRARY OF CONGRESS CALL NUMBER |
| Classification number |
LB1140.35 .P55 S55 2013 |
| 245 ## - TITLE STATEMENT |
| Title |
EMPOWERING CHILDREN |
| Remainder of title |
PLAY-BASED CURRICULUM FOR LIFELONG LEARNING |
| Statement of responsibility, etc. |
SHIPLEY, DALE |
| 942 ## - ADDED ENTRY ELEMENTS (KOHA) |
| Source of classification or shelving scheme |
Library of Congress Classification |